<?xml version="1.0" encoding="UTF-8"?>
<record
    xmlns:xsi="http://www.w3.org/2001/XMLSchema-instance"
    xsi:schemaLocation="http://www.loc.gov/MARC21/slim http://www.loc.gov/standards/marcxml/schema/MARC21slim.xsd"
    xmlns="http://www.loc.gov/MARC21/slim">

  <leader>00707nam a22001817a 4500</leader>
  <controlfield tag="003">DO-SdBNP</controlfield>
  <controlfield tag="005">20220715123232.0</controlfield>
  <controlfield tag="007">ta</controlfield>
  <controlfield tag="008">220714b        |||||||| |||| 00| 0 eng d</controlfield>
  <datafield tag="040" ind1=" " ind2=" ">
    <subfield code="a">DO-SdBNP</subfield>
    <subfield code="b">spa</subfield>
    <subfield code="c">BNPHU</subfield>
  </datafield>
  <datafield tag="082" ind1="4" ind2=" ">
    <subfield code="2">22</subfield>
    <subfield code="a">342.07</subfield>
    <subfield code="b">F727m</subfield>
  </datafield>
  <datafield tag="111" ind1="2" ind2=" ">
    <subfield code="a">Foro Permanente de Partidos Pol&#xED;ticos de la Rep&#xFA;blica Dominicana</subfield>
    <subfield code="n">(4to :</subfield>
    <subfield code="c">Mayo,Santo Domingo)</subfield>
    <subfield code="d">2017 :</subfield>
    <subfield code="9">82006</subfield>
  </datafield>
  <datafield tag="245" ind1="1" ind2="0">
    <subfield code="a">Ministerio P&#xFA;blico Electoral :</subfield>
    <subfield code="b">perseguir la infracci&#xF3;n electorales y establecer r&#xE9;gimen de consecuencias /  </subfield>
    <subfield code="c">preparado por Leonardo Suero, M&#xE1;ximo Richardson</subfield>
  </datafield>
  <datafield tag="246" ind1=" " ind2=" ">
    <subfield code="a">Cuadernos por la democracia  </subfield>
  </datafield>
  <datafield tag="260" ind1=" " ind2=" ">
    <subfield code="a">Santo Domingo :</subfield>
    <subfield code="b">FOPPPREDOM</subfield>
    <subfield code="c">[2017?].</subfield>
  </datafield>
  <datafield tag="300" ind1=" " ind2=" ">
    <subfield code="a">50 p. : </subfield>
    <subfield code="c">21 cm</subfield>
  </datafield>
  <datafield tag="942" ind1=" " ind2=" ">
    <subfield code="2">ddc</subfield>
    <subfield code="c">LF2</subfield>
  </datafield>
  <datafield tag="952" ind1=" " ind2=" ">
    <subfield code="0">0</subfield>
    <subfield code="1">0</subfield>
    <subfield code="2">ddc</subfield>
    <subfield code="5">1</subfield>
    <subfield code="7">0</subfield>
    <subfield code="8">PD-F</subfield>
    <subfield code="a">BNPHU</subfield>
    <subfield code="b">BNPHU</subfield>
    <subfield code="c">CT</subfield>
    <subfield code="d">2017-06-16</subfield>
    <subfield code="e">Donado</subfield>
    <subfield code="o">BNPHU F-PD  342.07 F727m</subfield>
    <subfield code="p">2022-3446</subfield>
    <subfield code="r">2022-07-14</subfield>
    <subfield code="w">2022-07-14</subfield>
    <subfield code="y">LF2</subfield>
  </datafield>
  <datafield tag="952" ind1=" " ind2=" ">
    <subfield code="0">0</subfield>
    <subfield code="1">0</subfield>
    <subfield code="2">ddc</subfield>
    <subfield code="5">1</subfield>
    <subfield code="7">0</subfield>
    <subfield code="8">PD-F</subfield>
    <subfield code="a">BNPHU</subfield>
    <subfield code="b">BNPHU</subfield>
    <subfield code="c">CT</subfield>
    <subfield code="d">2017-06-16</subfield>
    <subfield code="e">Donado</subfield>
    <subfield code="o">BNPHU  F-PD  342.07 F727m</subfield>
    <subfield code="p">2022-3448</subfield>
    <subfield code="r">2022-07-14</subfield>
    <subfield code="t">e.2</subfield>
    <subfield code="w">2022-07-14</subfield>
    <subfield code="y">LF2</subfield>
  </datafield>
  <datafield tag="952" ind1=" " ind2=" ">
    <subfield code="0">0</subfield>
    <subfield code="1">0</subfield>
    <subfield code="2">ddc</subfield>
    <subfield code="7">5</subfield>
    <subfield code="8">DS-F</subfield>
    <subfield code="a">BNPHU</subfield>
    <subfield code="b">BNPHU</subfield>
    <subfield code="c">CT</subfield>
    <subfield code="d">2017-06-16</subfield>
    <subfield code="e">Donado</subfield>
    <subfield code="o">BNPHU F-DS 342.07 F727m</subfield>
    <subfield code="p">2022-3449</subfield>
    <subfield code="r">2022-07-14</subfield>
    <subfield code="t">e.3</subfield>
    <subfield code="w">2022-07-14</subfield>
    <subfield code="y">LF2</subfield>
  </datafield>
  <datafield tag="999" ind1=" " ind2=" ">
    <subfield code="c">52180</subfield>
    <subfield code="d">52180</subfield>
  </datafield>
</record>
